[Event "14.Zlata Praha-D"]
[Site "Praha"]
[Date "2018.07.07"]
[Round "4.7"]
[White "Zvacek, Antonin"]
[Black "Pirvulescu, Adrian"]
[Result "1/2-1/2"]
[WhiteElo "1869"]
[BlackElo "1785"]
[PlyCount "123"]
[EventDate "2018.??.??"]

1. e4 c5 2. Nc3 g6 3. g3 Bg7 4. Bg2 e6 5. d3 Ne7 6. Be3 d6 7. Qd2 h5 8. f4 Nbc6
9. e5 dxe5 10. Bxc5 Bh6 11. Be3 Nf5 12. Nh3 exf4 13. Bxf4 Bxf4 14. Nxf4 h4 15.
g4 Nfd4 16. h3 Nb4 17. Rc1 Qc7 18. O-O Bd7 19. a3 Nbc6 20. Qf2 Qb6 21. Nd1 Rc8
22. c3 Nb3 23. Qxb6 axb6 24. Rc2 Ne5 25. d4 Nc4 26. Rcf2 Nba5 27. b4 Nc6 28. d5
Ne7 29. dxe6 Bxe6 30. Nxe6 fxe6 31. Bxb7 Rc7 32. Ba6 Nxa3 33. Ra2 Nc4 34. Bb5+
Kd8 35. Ra8+ Nc8 36. Ba6 N4d6 37. Bxc8 Rxc8 38. Rxc8+ Kxc8 39. Rf6 Kd7 40. Rxg6
Ra8 41. Rg7+ Kc6 42. Kf2 Ra2+ 43. Ke1 Rh2 44. Rg6 Kd5 45. Ne3+ Kc6 46. Rxe6
Rxh3 47. Nc4 Rd3 48. Rxd6+ Rxd6 49. Nxd6 Kxd6 50. Kf2 Kd5 51. g5 b5 52. Kf3 Ke5
53. Kg4 h3 54. Kxh3 Kf5 55. Kg3 Kxg5 56. c4 bxc4 57. Kf3 Kf5 58. Ke3 Ke5 59. b5
Kd5 60. b6 Kc6 61. Kd4 Kxb6 62. Kxc4 1/2-1/2

[Event "14.Zlata Praha-D"]
[Site "Praha"]
[Date "2018.07.07"]
[Round "6.1"]
[White "Gregor, Jiri"]
[Black "Sergeev, Vladimir"]
[Result "0-1"]
[WhiteElo "2285"]
[BlackElo "2422"]
[PlyCount "66"]
[EventDate "2018.??.??"]

1. d4 Nf6 2. Nf3 e6 3. c4 b6 4. a3 Ba6 5. Qc2 c5 6. d5 exd5 7. cxd5 g6 8. Nc3
Bg7 9. e4 Bxf1 10. Kxf1 d6 11. h3 O-O 12. Bg5 h6 13. Bd2 Re8 14. g3 Na6 15. Kg2
Nc7 16. a4 Rb8 17. Rhe1 a6 18. e5 Nfxd5 19. Nxd5 Nxd5 20. exd6 Qxd6 21. Rxe8+
Rxe8 22. Qd3 Qc6 23. Qxa6 Bxb2 24. Rb1 Bg7 25. a5 Ra8 26. Qb5 Qxb5 27. Rxb5
bxa5 28. Rxc5 Nb4 29. Rb5 Bf8 30. Ne5 Rd8 31. Bxb4 axb4 32. Nc6 Rd2 33. Nxb4
Rb2 0-1

[Event "14.Zlata Praha-D"]
[Site "Praha"]
[Date "2018.07.07"]
[Round "6.2"]
[White "Pilar, Miloslav"]
[Black "Pribyl, Josef"]
[Result "0-1"]
[WhiteElo "2114"]
[BlackElo "2203"]
[PlyCount "68"]
[EventDate "2018.??.??"]

1. d4 Nf6 2. c4 g6 3. Nc3 d5 4. Nf3 Bg7 5. Bg5 Ne4 6. Bh4 Nxc3 7. bxc3 dxc4 8.
Qa4+ Qd7 9. Qxc4 b6 10. Bg3 c6 11. e3 Ba6 12. Qb3 Bxf1 13. Kxf1 O-O 14. Bxb8
Raxb8 15. Ke2 c5 16. Rhd1 Rfc8 17. Rac1 b5 18. Kf1 a5 19. d5 c4 20. Qc2 b4 21.
e4 b3 22. Qb2 a4 23. a3 Qc7 24. h3 Be5 25. Nd4 Qc5 26. g3 Rb6 27. Nc6 Rbxc6 28.
dxc6 Qxc6 29. Rd5 Bd6 30. Rcd1 Kg7 31. e5 Bc5 32. f4 e6 33. Rd7 Qh1+ 34. Ke2
Qg2+ 0-1

[Event "14.Zlata Praha-D"]
[Site "Praha"]
[Date "2018.07.07"]
[Round "6.3"]
[White "Burdalev, Kirill"]
[Black "Gan-Erdene, Sugar"]
[Result "0-1"]
[WhiteElo "2302"]
[BlackElo "2074"]
[PlyCount "79"]
[EventDate "2018.??.??"]

1. d4 Nf6 2. Nf3 g6 3. Bg5 Bg7 4. Nbd2 O-O 5. c3 d6 6. e4 c5 7. dxc5 dxc5 8.
Be2 Nc6 9. O-O Qc7 10. Re1 Ng4 11. h3 Nge5 12. Qc2 Be6 13. Be3 b6 14. Ng5 Bc8
15. f4 Nd7 16. e5 e6 17. Nc4 Ne7 18. Bf3 Bb7 19. Ne4 Nd5 20. Bd2 Bc6 21. Ncd6
Rad8 22. a3 f6 23. c4 Ne7 24. exf6 Nxf6 25. Nxf6+ Bxf6 26. Nb5 Qd7 27. Rad1
Bxf3 28. gxf3 Qc6 29. Qe4 Bxb2 30. Qxe6+ Qxe6 31. Rxe6 Nf5 32. Kf1 Rd7 33. Ke2
a6 34. Nc3 Nd4+ 35. Kf1 Nxe6 36. Nd5 Rd6 37. Re1 b5 38. f5 gxf5 39. Bh6 Bg7 40.
Be3 0-1

[Event "14.Zlata Praha-D"]
[Site "Praha"]
[Date "2018.07.07"]
[Round "6.4"]
[White "Modrova, Hana"]
[Black "Netusil, Miloslav"]
[Result "0-1"]
[WhiteElo "1647"]
[BlackElo "2185"]
[PlyCount "46"]
[EventDate "2018.??.??"]

1. d4 Nf6 2. Nf3 g6 3. Bg5 Bg7 4. e3 O-O 5. Bd3 d6 6. Nbd2 c5 7. c3 Nc6 8. O-O
e5 9. d5 Ne7 10. c4 Ne8 11. h3 f6 12. Bh4 Nf5 13. Bg3 Nxg3 14. fxg3 f5 15. Bc2
e4 16. Nh2 Bxb2 17. Rb1 Be5 18. g4 Bxh2+ 19. Kxh2 fxg4 20. hxg4 Qh4+ 21. Kg1
Nf6 22. Rf4 g5 23. Bxe4 gxf4 0-1

[Event "14.Zlata Praha-D"]
[Site "Praha"]
[Date "2018.07.07"]
[Round "6.5"]
[White "Benes, Petr"]
[Black "Buksa, Jaromir"]
[Result "1-0"]
[WhiteElo "2119"]
[BlackElo "1889"]
[PlyCount "82"]
[EventDate "2018.??.??"]

1. c4 Nf6 2. Nc3 e6 3. Nf3 b6 4. g3 Bb7 5. Bg2 Be7 6. O-O O-O 7. a3 d6 8. b4
Nbd7 9. Bb2 Rb8 10. Qc2 c5 11. d3 a6 12. Rad1 Qc7 13. Rfe1 Rfe8 14. e4 Ng4 15.
Qb3 Nge5 16. Nxe5 Nxe5 17. f4 Nc6 18. Ne2 e5 19. Rf1 Nd4 20. Bxd4 exd4 21. g4
Bc8 22. Bf3 g6 23. Ng3 Bf6 24. Rd2 Bh4 25. Rg2 Bxg3 26. Rxg3 b5 27. cxb5 axb5
28. Rc1 Be6 29. Qb2 Qb6 30. f5 Bd7 31. Qd2 Kg7 32. Rh3 h5 33. gxh5 Rh8 34. h6+
Kf8 35. h7 Rc8 36. Qh6+ Ke7 37. Qg5+ Ke8 38. fxg6 fxg6 39. Rg3 c4 40. Qxg6+ Kd8
41. Qg7 Kc7 1-0

[Event "14.Zlata Praha-D"]
[Site "Praha"]
[Date "2018.07.07"]
[Round "6.6"]
[White "Plasek, Zdenek"]
[Black "Melich, Jindrich"]
[Result "0-1"]
[WhiteElo "1964"]
[BlackElo "1902"]
[PlyCount "103"]
[EventDate "2018.??.??"]

1. d4 c5 2. dxc5 e6 3. c4 Bxc5 4. e3 Nf6 5. Nc3 a6 6. Nf3 O-O 7. Be2 b6 8. O-O
Bb7 9. b3 Qc7 10. Bb2 Be7 11. Ng5 h6 12. Nh3 d6 13. Bf3 Nbd7 14. Bxb7 Qxb7 15.
Nf4 b5 16. cxb5 axb5 17. Nh5 b4 18. Na4 Rfc8 19. Nxf6+ Nxf6 20. Bxf6 Bxf6 21.
Rc1 d5 22. Qd2 Bc3 23. Nxc3 bxc3 24. Rxc3 Rxc3 25. Qxc3 Rxa2 26. h3 Qb5 27. b4
Qe2 28. Qb3 Rb2 29. Qa4 g6 30. Qa3 Qc2 31. Qa5 Qb3 32. Qd8+ Kg7 33. Qd6 Qxb4
34. Qe5+ Kh7 35. Qf6 Qb7 36. Rc1 Rb1 37. Rxb1 Qxb1+ 38. Kh2 Qb7 39. h4 h5 40.
g4 Qc7+ 41. Kh3 hxg4+ 42. Kxg4 Qd7 43. h5 e5+ 44. Kg5 gxh5 45. Qh6+ Kg8 46.
Qxh5 Qe6 47. Qf3 Qg6+ 48. Kh4 Qe6 49. Kg5 Kg7 50. Kh4 Qf6+ 51. Qxf6+ Kxf6 52.
Kg4 0-1

[Event "14.Zlata Praha-D"]
[Site "Praha"]
[Date "2018.07.07"]
[Round "6.7"]
[White "Plicka, Petr"]
[Black "Barotek, Martin"]
[Result "0-1"]
[WhiteElo "1780"]
[BlackElo "1947"]
[PlyCount "62"]
[EventDate "2018.??.??"]

1. d4 d5 2. c4 Bf5 3. Nf3 e6 4. Nc3 c6 5. Bd2 Nf6 6. cxd5 exd5 7. e3 h6 8. Be2
Bd6 9. a3 O-O 10. Rc1 Nbd7 11. O-O Re8 12. b4 a5 13. bxa5 Bxa3 14. Ra1 Bb4 15.
Qb3 Qe7 16. Ne5 Nxe5 17. dxe5 Bxc3 18. exf6 Bxf6 19. Rfc1 Bxa1 20. Rxa1 Be6 21.
Qb2 c5 22. Bc3 f6 23. Bb5 Red8 24. a6 bxa6 25. Rxa6 Rxa6 26. Bxa6 d4 27. Be1
dxe3 28. fxe3 Bf7 29. Bf2 Rd1+ 30. Bf1 Bc4 31. Qb8+ Kh7 0-1

[Event "14.Zlata Praha-D"]
[Site "Praha"]
[Date "2018.07.07"]
[Round "7.1"]
[White "Sergeev, Vladimir"]
[Black "Pribyl, Josef"]
[Result "1-0"]
[WhiteElo "2422"]
[BlackElo "2203"]
[PlyCount "41"]
[EventDate "2018.??.??"]

1. Nf3 Nf6 2. g3 d5 3. Bg2 g6 4. c4 d4 5. b4 c5 6. a3 Bg7 7. d3 O-O 8. Nbd2 Nc6
9. Rb1 Bf5 10. Nb3 cxb4 11. axb4 Ne8 12. b5 Na5 13. Ba3 Nxb3 14. Qxb3 Qd7 15.
O-O Nc7 16. Nh4 Be6 17. Bxb7 Nxb5 18. Qxb5 Qxb5 19. Rxb5 Rab8 20. Bxe7 Rfe8 21.
Bd6 1-0

[Event "14.Zlata Praha-D"]
[Site "Praha"]
[Date "2018.07.07"]
[Round "7.2"]
[White "Netusil, Miloslav"]
[Black "Gregor, Jiri"]
[Result "0-1"]
[WhiteElo "2185"]
[BlackElo "2285"]
[PlyCount "110"]
[EventDate "2018.??.??"]

1. d4 c5 2. d5 e6 3. Nc3 a6 4. a4 Nf6 5. e4 d6 6. Nf3 e5 7. Be2 Bg4 8. O-O Bxf3
9. Bxf3 Be7 10. g3 O-O 11. Bg2 Ne8 12. f4 exf4 13. gxf4 Bf6 14. Qe2 Nd7 15. Bd2
Qe7 16. Rae1 Bd4+ 17. Kh1 Rb8 18. Nd1 b5 19. axb5 axb5 20. c3 Bf6 21. Ne3 Bh4
22. Nf5 Qf6 23. Nxh4 Qxh4 24. e5 c4 25. Rf3 Nc5 26. Be3 Nd3 27. Ref1 dxe5 28.
Rh3 Qe7 29. Be4 g6 30. Bxd3 cxd3 31. Qxd3 e4 32. Qd2 Nd6 33. f5 Nc4 34. Qf2
Nxe3 35. Qxe3 f6 36. fxg6 hxg6 37. Rg1 g5 38. d6 Qe5 39. Rh5 Kf7 40. Qa7+ Ke6
41. Qe7+ Kd5 42. Rd1+ Kc4 43. Rd4+ Kb3 44. Rb4+ Kc2 45. Qd7 Qd5 46. Qg4 e3+ 47.
Kg1 Qd1+ 48. Qxd1+ Kxd1 49. Rd4+ Ke2 50. Rh3 Rfe8 51. Kg2 Re6 52. d7 Rd8 53.
Rg3 Re7 54. b4 Rdxd7 55. c4 Rxd4 0-1

[Event "14.Zlata Praha-D"]
[Site "Praha"]
[Date "2018.07.07"]
[Round "7.3"]
[White "Gan-Erdene, Sugar"]
[Black "Benes, Petr"]
[Result "1-0"]
[WhiteElo "2074"]
[BlackElo "2119"]
[PlyCount "80"]
[EventDate "2018.??.??"]

1. e4 Nc6 2. Nf3 d6 3. d4 Nf6 4. Nc3 Bg4 5. Be3 e5 6. d5 Nb8 7. h3 Bh5 8. Be2
Be7 9. O-O Nbd7 10. Nd2 Bxe2 11. Qxe2 O-O 12. a3 a6 13. b4 c6 14. dxc6 bxc6 15.
Qd3 Qc7 16. Rfd1 Rfd8 17. Nc4 Nxe4 18. Qxe4 d5 19. Nxd5 cxd5 20. Qxd5 Rac8 21.
Na5 Nf6 22. Qb7 Rxd1+ 23. Rxd1 Qxb7 24. Nxb7 Rxc2 25. Bc5 Kf8 26. Rd8+ Ne8 27.
Ra8 e4 28. Rxa6 Bxc5 29. Nxc5 e3 30. fxe3 Nf6 31. Rd6 Rc3 32. Rd3 Rc1+ 33. Kh2
Ke7 34. e4 h5 35. e5 Nh7 36. Rd7+ Ke8 37. e6 Ng5 38. exf7+ Nxf7 39. Rd5 g6 40.
b5 h4 1-0

[Event "14.Zlata Praha-D"]
[Site "Praha"]
[Date "2018.07.07"]
[Round "7.4"]
[White "Melich, Jindrich"]
[Black "Pilar, Miloslav"]
[Result "0-1"]
[WhiteElo "1902"]
[BlackElo "2114"]
[PlyCount "96"]
[EventDate "2018.??.??"]

1. b4 c6 2. c4 Qb6 3. Qb3 d6 4. Nc3 Nd7 5. e3 a5 6. b5 g6 7. d4 Bg7 8. Nf3 Ngf6
9. Be2 Qc7 10. O-O O-O 11. Ba3 c5 12. dxc5 dxc5 13. Rad1 b6 14. Nd2 Bb7 15. Bf3
Rad8 16. Nde4 Nxe4 17. Bxe4 e6 18. Bxb7 Qxb7 19. Bb2 Nf6 20. h3 Qc7 21. a4 Rxd1
22. Rxd1 Rd8 23. Qc2 Rd7 24. Rd3 Qd8 25. Rxd7 Qxd7 26. Kf1 h5 27. Ke2 Kh7 28.
Qd3 Qxd3+ 29. Kxd3 Kg8 30. Ne2 Nd7 31. Bxg7 Kxg7 32. f4 Kf6 33. g4 hxg4 34.
hxg4 g5 35. Nc3 gxf4 36. exf4 Ke7 37. g5 f6 38. gxf6+ Nxf6 39. Ne4 Nxe4 40.
Kxe4 Kf6 41. Kd3 Kf5 42. Ke3 e5 43. fxe5 Kxe5 44. Kd3 Kf4 45. Kd2 Ke4 46. Kc3
Ke3 47. Kc2 Kd4 48. Kb3 Kd3 0-1

[Event "14.Zlata Praha-D"]
[Site "Praha"]
[Date "2018.07.07"]
[Round "7.5"]
[White "Barotek, Martin"]
[Black "Burdalev, Kirill"]
[Result "0-1"]
[WhiteElo "1947"]
[BlackElo "2302"]
[PlyCount "102"]
[EventDate "2018.??.??"]

1. e4 Nf6 2. Nc3 d5 3. exd5 Nxd5 4. Bc4 c6 5. Nf3 Bg4 6. O-O e6 7. h3 Bh5 8.
Ne4 Nd7 9. Ng3 Bg6 10. d3 Bd6 11. Ne4 Be7 12. Re1 a5 13. a4 O-O 14. Ng3 h6 15.
c3 N5b6 16. Bb3 Nc5 17. Bc2 Bxd3 18. Ne5 Bxc2 19. Qxc2 Bf6 20. Ng4 Bg5 21. Rd1
Qe7 22. Be3 Bxe3 23. Nxe3 Nd5 24. Re1 Nxe3 25. Rxe3 Rad8 26. Rae1 Rd5 27. Nf5
Qf6 28. Nd4 Rfd8 29. Rf3 Qh4 30. Kh2 e5 31. Nf5 Qf6 32. Ne3 Rd2 33. Rxf6 Rxc2
34. Nxc2 gxf6 35. Ne3 Nxa4 36. Nf5 Kh7 37. Re4 Nxb2 38. Rg4 a4 39. Rg7+ Kh8 40.
Rxf7 a3 41. Rxb7 Ra8 42. Nxh6 a2 43. Nf7+ Kg8 44. Nh6+ Kf8 45. Rh7 a1=Q 46.
Rh8+ Kg7 47. Rxa8 Qxa8 48. Nf5+ Kg6 49. Nh4+ Kf7 50. Nf5 Nc4 51. h4 Qa3 0-1

[Event "14.Zlata Praha-D"]
[Site "Praha"]
[Date "2018.07.07"]
[Round "7.6"]
[White "Buksa, Jaromir"]
[Black "Plasek, Zdenek"]
[Result "0-1"]
[WhiteElo "1889"]
[BlackElo "1964"]
[PlyCount "74"]
[EventDate "2018.??.??"]

1. e4 c5 2. Nc3 a6 3. d3 b5 4. g3 Bb7 5. Bg2 e6 6. Nge2 Nf6 7. O-O Qc7 8. Bf4
d6 9. a4 b4 10. Nb1 Nbd7 11. b3 Be7 12. Nd2 Ne5 13. Bxe5 dxe5 14. Nc4 O-O 15.
h3 a5 16. Kh2 Ba6 17. f4 exf4 18. e5 Nd5 19. Nxf4 Bb7 20. Qg4 Nxf4 21. Rxf4 Bd5
22. Ne3 Qxe5 23. Re1 Bxg2 24. Nf5 exf5 25. Rxe5 fxg4 26. Rxe7 gxh3 27. Rf5 g6
28. Rxc5 Rfc8 29. Rcc7 Rxc7 30. Rxc7 Ra6 31. g4 Rc6 32. Ra7 Rxc2 33. Rxa5 Rc3
34. Rb5 Rxb3 35. a5 Rxd3 36. Rxb4 Ra3 37. Rb5 Kg7 0-1

[Event "14.Zlata Praha-D"]
[Site "Praha"]
[Date "2018.07.07"]
[Round "7.7"]
[White "Sakovski, Roman"]
[Black "Zvacek, Antonin"]
[Result "0-1"]
[WhiteElo "1000"]
[BlackElo "1869"]
[PlyCount "98"]
[EventDate "2018.??.??"]

1. d4 Nf6 2. Nf3 b6 3. c4 Bb7 4. Nc3 e6 5. g3 Bb4 6. Bg2 Bxc3+ 7. bxc3 Ne4 8.
Qd3 f5 9. O-O O-O 10. a4 a5 11. e3 d6 12. Rb1 Nd7 13. Re1 Bc6 14. Qc2 e5 15. d5
Bb7 16. Qd3 Ndc5 17. Qc2 Ba6 18. Nd2 Nxd2 19. Bxd2 Bxc4 20. e4 Qf6 21. Re3 fxe4
22. Be1 Bd3 23. Rxd3 exd3 24. Qd2 e4 25. Qe3 Rae8 26. Rb5 Nxa4 27. c4 Nc5 28.
Bh3 a4 29. Rb4 a3 30. Rb1 Qh6 31. Qxh6 gxh6 32. Ra1 Ra8 33. Ra2 Nb3 34. Be6+
Kg7 35. Bc3+ Kg6 36. h4 h5 37. Bd7 Rf7 38. Be6 Re7 39. Kg2 d2 40. Bxd2 Nxd2 41.
Rxd2 a2 42. f4 exf3+ 43. Kxf3 a1=Q 44. g4 Qc3+ 45. Ke2 hxg4 46. Rd3 Qxc4 47.
h5+ Kg5 48. Kd2 Ra2+ 49. Ke3 Qf4# 0-1

[Event "14.Zlata Praha-D"]
[Site "Praha"]
[Date "2018.07.07"]
[Round "8.1"]
[White "Pilar, Miloslav"]
[Black "Sergeev, Vladimir"]
[Result "0-1"]
[WhiteElo "2114"]
[BlackElo "2422"]
[PlyCount "62"]
[EventDate "2018.??.??"]

1. d4 Nf6 2. c4 e6 3. Nc3 Bb4 4. Qc2 c5 5. dxc5 Qc7 6. Nf3 a6 7. e3 O-O 8. Be2
Bxc5 9. O-O b6 10. b3 Bb7 11. Na4 Be7 12. Qb2 d5 13. Bd2 dxc4 14. bxc4 Nbd7 15.
Rab1 Rab8 16. h3 Ne4 17. Be1 Bf6 18. Qb3 Ba8 19. Nc3 Ndc5 20. Qc2 Nxc3 21. Bxc3
Be4 22. Qb2 Bxc3 23. Qxc3 Bxb1 24. Rxb1 Rfd8 25. Nd4 e5 26. Nf5 Ne4 27. Qc2 Nd6
28. Nxd6 Qxd6 29. Rd1 Qc5 30. Bf3 Rxd1+ 31. Qxd1 Qxc4 0-1

[Event "14.Zlata Praha-D"]
[Site "Praha"]
[Date "2018.07.07"]
[Round "8.2"]
[White "Pribyl, Josef"]
[Black "Gregor, Jiri"]
[Result "1/2-1/2"]
[WhiteElo "2203"]
[BlackElo "2285"]
[PlyCount "26"]
[EventDate "2018.??.??"]

1. e4 c6 2. d4 d5 3. exd5 cxd5 4. c4 Nf6 5. Nc3 Nc6 6. Nf3 e6 7. a3 Be7 8. c5
Ne4 9. Bb5 O-O 10. O-O Bf6 11. Bxc6 bxc6 12. Re1 Nxc3 13. bxc3 Ba6 1/2-1/2

[Event "14.Zlata Praha-D"]
[Site "Praha"]
[Date "2018.07.07"]
[Round "8.3"]
[White "Gan-Erdene, Sugar"]
[Black "Netusil, Miloslav"]
[Result "0-1"]
[WhiteElo "2074"]
[BlackElo "2185"]
[PlyCount "144"]
[EventDate "2018.??.??"]

1. e4 e6 2. d4 d5 3. Nd2 f5 4. e5 c5 5. c3 Nc6 6. Ngf3 cxd4 7. cxd4 Qb6 8. Nb3
Bb4+ 9. Bd2 a5 10. Rc1 a4 11. Nc5 Bxd2+ 12. Qxd2 Nge7 13. Be2 O-O 14. O-O h6
15. Rc3 Rd8 16. Rfc1 Bd7 17. Bd1 a3 18. Rb3 Qa5 19. Qe2 axb2 20. Rxb2 Bc8 21.
a4 b6 22. Nd3 Ba6 23. Qc2 Bc4 24. Nd2 Nxd4 25. Qb1 Rac8 26. Nb4 Nec6 27. Nxc6
Rxc6 28. h3 Rdc8 29. Kh2 Qa7 30. Rb4 Qc7 31. Kg1 Qxe5 32. Nf3 Nxf3+ 33. Bxf3
Qd6 34. Qb2 e5 35. Rd1 e4 36. Bh5 Qf6 37. Qd2 f4 38. Bg4 Rd8 39. Rdb1 f3 40. g3
d4 41. Re1 e3 42. fxe3 dxe3 43. Qxe3 Rf8 44. Qf2 Rd6 45. Rb2 Rd3 46. Rc2 Ba6
47. Be6+ Kh8 48. Bg4 Qd6 49. Rb2 Rd4 50. Rc2 Qd8 51. Rb2 Rd1 52. Rc2 Rxe1+ 53.
Qxe1 f2+ 54. Rxf2 Rxf2 55. Qxf2 Qe7 56. Qxb6 Qe1+ 57. Kh2 Qd2+ 58. Kg1 Qe1+ 59.
Kg2 Bf1+ 60. Kg1 Bxh3+ 61. Kh2 Bxg4 62. Qd8+ Kh7 63. Qd3+ Kg8 64. Qd8+ Kf7 65.
Qd5+ Qe6 66. Qb7+ Kg6 67. Qb1+ Bf5 68. Qd1 Qe3 69. Qd6+ Kh7 70. a5 Be4 71. Kh3
Bf5+ 72. Kh2 Qf2+ 0-1

[Event "14.Zlata Praha-D"]
[Site "Praha"]
[Date "2018.07.07"]
[Round "8.4"]
[White "Burdalev, Kirill"]
[Black "Melich, Jindrich"]
[Result "1-0"]
[WhiteElo "2302"]
[BlackElo "1902"]
[PlyCount "52"]
[EventDate "2018.??.??"]

1. d4 c5 2. d5 e5 3. e4 d6 4. Bb5+ Nd7 5. a4 Be7 6. Nf3 a6 7. Bd3 Ngf6 8. Nbd2
O-O 9. Nc4 Ne8 10. a5 g6 11. h4 Ng7 12. Bh6 f5 13. h5 f4 14. hxg6 hxg6 15. g3
b5 16. axb6 Nxb6 17. gxf4 Nxc4 18. Bxc4 Bg4 19. Qd3 exf4 20. e5 Qb6 21. Qxg6
Rf7 22. e6 Raf8 23. exf7+ Rxf7 24. Ng5 Bxg5 25. Bxg5 Bf5 26. Qh6 Re7+ 1-0

[Event "14.Zlata Praha-D"]
[Site "Praha"]
[Date "2018.07.07"]
[Round "8.5"]
[White "Benes, Petr"]
[Black "Guzman Vasquez, Juan David"]
[Result "1-0"]
[WhiteElo "2119"]
[BlackElo "1000"]
[PlyCount "43"]
[EventDate "2018.??.??"]

1. c4 e6 2. Nf3 d5 3. b3 Nf6 4. Bb2 Be7 5. g3 c5 6. Bg2 O-O 7. O-O Nbd7 8. d3
Re8 9. Nbd2 b6 10. e4 Qc7 11. e5 Nh5 12. Re1 Bb7 13. Qe2 g6 14. cxd5 Bxd5 15.
Ne4 Ng7 16. Nf6+ Bxf6 17. exf6 Nf5 18. Qd2 Rad8 19. g4 Nd4 20. Nxd4 Bxg2 21.
Nb5 Qc6 22. Qh6 1-0

[Event "14.Zlata Praha-D"]
[Site "Praha"]
[Date "2018.07.07"]
[Round "8.6"]
[White "Plasek, Zdenek"]
[Black "Zvacek, Antonin"]
[Result "0-1"]
[WhiteElo "1964"]
[BlackElo "1869"]
[PlyCount "84"]
[EventDate "2018.??.??"]

1. d4 Nf6 2. Bf4 d6 3. Nc3 g6 4. e4 Bg7 5. Qd2 O-O 6. Bh6 e5 7. Bxg7 Kxg7 8.
O-O-O exd4 9. Qxd4 Nc6 10. Qd2 Qe7 11. f3 Be6 12. Nge2 Ne5 13. Nd4 Nc4 14.
Nxe6+ Qxe6 15. Bxc4 Qxc4 16. Kb1 b5 17. Nd5 Nxd5 18. Qxd5 Qxd5 19. Rxd5 a6 20.
c4 bxc4 21. Rc1 Ra7 22. Rxc4 Rb8 23. Rd2 Kf6 24. Rdc2 Rbb7 25. f4 c5 26. g4 Ke7
27. g5 a5 28. Kc1 Rb4 29. a3 Rbb7 30. R4c3 f6 31. Rh3 fxg5 32. Rxh7+ Kf6 33.
fxg5+ Kxg5 34. Rxb7 Rxb7 35. Rd2 Rb6 36. e5 dxe5 37. Rd5 Kf4 38. Rxc5 Ra6 39.
Kd2 e4 40. Ke2 Rb6 41. Rxa5 Rxb2+ 42. Ke1 g5 0-1

[Event "14.Zlata Praha-D"]
[Site "Praha"]
[Date "2018.07.07"]
[Round "8.7"]
[White "Krnak, Vladimir"]
[Black "Barotek, Martin"]
[Result "0-1"]
[WhiteElo "1656"]
[BlackElo "1947"]
[PlyCount "76"]
[EventDate "2018.??.??"]

1. d4 d5 2. Nf3 Bf5 3. e3 e6 4. Bd3 Bg6 5. Ne5 Nd7 6. Bxg6 hxg6 7. f4 c5 8. c3
Ngf6 9. Nd2 cxd4 10. exd4 Be7 11. Qb3 Qb6 12. Nxd7 Nxd7 13. Qxb6 Nxb6 14. b3
Rc8 15. Bb2 Bd6 16. g3 g5 17. Nf3 gxf4 18. g4 Kd7 19. Kf2 f6 20. h4 a5 21. Rae1
a4 22. g5 axb3 23. axb3 Ra8 24. Re2 fxg5 25. Nxg5 Rae8 26. Kf3 Be7 27. Reh2 Bf6
28. Kxf4 e5+ 29. Kg4 exd4 30. cxd4 Re3 31. Rh3 Bxg5 32. Kxg5 Rhe8 33. Rxe3 Rxe3
34. Rf1 Ke7 35. Ba3+ Ke6 36. Bc5 Nd7 37. b4 b6 38. Bf8 Rg3+ 0-1

[Event "14.Zlata Praha-D"]
[Site "Praha"]
[Date "2018.07.07"]
[Round "9.1"]
[White "Sergeev, Vladimir"]
[Black "Netusil, Miloslav"]
[Result "1-0"]
[WhiteElo "2422"]
[BlackElo "2185"]
[PlyCount "85"]
[EventDate "2018.??.??"]

1. d4 Nf6 2. Nf3 g6 3. Bg5 Bg7 4. c3 O-O 5. Nbd2 d6 6. a4 c5 7. e3 Nc6 8. dxc5
dxc5 9. Bb5 Bd7 10. O-O a6 11. Be2 h6 12. Bh4 g5 13. Bg3 Nh5 14. Nc4 Nxg3 15.
hxg3 Qc7 16. a5 Bf5 17. Nfd2 Rad8 18. Qa4 Bd3 19. Bxd3 Rxd3 20. Nb3 Nb8 21. Qa3
Rc8 22. Rfd1 Rxd1+ 23. Rxd1 Nd7 24. Qa4 Nf6 25. Nb6 Rd8 26. Qa1 Ne4 27. Qb1 f5
28. Nc4 e5 29. Qc2 Rxd1+ 30. Qxd1 Qf7 31. Qd8+ Kh7 32. Nbd2 Nxd2 33. Nxd2 Qa2
34. Qd7 Kg6 35. Qxb7 Qxa5 36. Qc6+ Bf6 37. Qe8+ Kg7 38. Qd7+ Kg6 39. e4 f4 40.
Nc4 Qa1+ 41. Kh2 Qe1 42. Qf5+ Kg7 43. Nd6 1-0

[Event "14.Zlata Praha-D"]
[Site "Praha"]
[Date "2018.07.07"]
[Round "9.2"]
[White "Benes, Petr"]
[Black "Burdalev, Kirill"]
[Result "0-1"]
[WhiteElo "2119"]
[BlackElo "2302"]
[PlyCount "109"]
[EventDate "2018.??.??"]

1. c4 g6 2. Nc3 d6 3. g3 Bg7 4. Bg2 Nc6 5. d3 f5 6. Nh3 Nf6 7. Nf4 O-O 8. O-O
e6 9. e3 Qe8 10. d4 g5 11. Nxe6 Bxe6 12. d5 Bd7 13. dxc6 bxc6 14. Qd3 Ng4 15.
h3 Ne5 16. Qe2 Be6 17. b3 Nxc4 18. Qc2 Nb6 19. Bb2 Rb8 20. Rac1 c5 21. Rfd1 Qf7
22. f4 gxf4 23. gxf4 d5 24. Ne2 d4 25. Qxc5 dxe3 26. Bxg7 Qxg7 27. Qxe3 Bd5 28.
Rxd5 Nxd5 29. Qe6+ Kh8 30. Qxd5 Rbe8 31. Qf3 Re4 32. Kf2 Rfe8 33. Bf1 Qb2 34.
Qc3+ Qxc3 35. Rxc3 R8e7 36. Rc4 Rxc4 37. bxc4 Re4 38. Ng3 Rxf4+ 39. Ke3 Rh4 40.
Nxf5 Rh5 41. Ke4 Rg5 42. Ke5 Rg1 43. Bd3 Ra1 44. c5 Rxa2 45. Bc4 Rc2 46. Kd4 a5
47. c6 a4 48. Ne3 Rc1 49. Nd5 a3 50. Nxc7 Rxc4+ 51. Kxc4 a2 52. Nd5 a1=Q 53. c7
Qa6+ 54. Kc5 Kg7 55. Nb6 0-1

[Event "14.Zlata Praha-D"]
[Site "Praha"]
[Date "2018.07.07"]
[Round "9.3"]
[White "Gregor, Jiri"]
[Black "Pilar, Miloslav"]
[Result "1-0"]
[WhiteElo "2285"]
[BlackElo "2114"]
[PlyCount "105"]
[EventDate "2018.??.??"]

1. d4 Nf6 2. c4 c5 3. Nf3 cxd4 4. Nxd4 Nc6 5. Nc2 g6 6. Nc3 Bg7 7. e4 d6 8. Be2
O-O 9. Be3 Bd7 10. f3 a6 11. O-O Qc7 12. Rc1 Rac8 13. Qd2 Ne5 14. Na3 Be6 15.
Nd5 Bxd5 16. cxd5 Qb8 17. h3 Rxc1 18. Rxc1 Rc8 19. b3 Rxc1+ 20. Qxc1 Ned7 21.
Nc4 Ne8 22. Nb6 Nxb6 23. Bxb6 Nf6 24. a4 Nd7 25. Be3 h5 26. b4 Qd8 27. a5 e6
28. dxe6 fxe6 29. Qc4 Nf8 30. Bb6 Qd7 31. Kf2 d5 32. exd5 exd5 33. Qc7 Qxc7 34.
Bxc7 Ne6 35. Bb6 Bc3 36. b5 axb5 37. Bxb5 Bd4+ 38. Ke2 Kf7 39. Kd3 Bxb6 40.
axb6 Nc5+ 41. Kd4 Ne6+ 42. Kxd5 Ke7 43. g3 g5 44. Ba6 Nd8 45. Bd3 Nc6 46. Bg6
h4 47. gxh4 gxh4 48. f4 Nb4+ 49. Kc5 Na6+ 50. Kb5 Nb8 51. Be4 Nd7 52. Bxb7 Kf6
53. Be4 1-0

[Event "14.Zlata Praha-D"]
[Site "Praha"]
[Date "2018.07.07"]
[Round "9.4"]
[White "Zvacek, Antonin"]
[Black "Gan-Erdene, Sugar"]
[Result "0-1"]
[WhiteElo "1869"]
[BlackElo "2074"]
[PlyCount "54"]
[EventDate "2018.??.??"]

1. e4 c5 2. Nc3 Nc6 3. g3 g6 4. Bg2 Bg7 5. d3 d6 6. Be3 Nf6 7. Qd2 Rb8 8. f4
Ng4 9. h3 Nxe3 10. Qxe3 Nd4 11. Qf2 b5 12. Nd1 b4 13. c3 Nb5 14. Ne2 Qa5 15. e5
O-O 16. d4 bxc3 17. bxc3 cxd4 18. Bc6 dxc3 19. Bxb5 c2+ 20. Ndc3 Rxb5 21. O-O
Rc5 22. Ne4 Rc4 23. Qe3 Bxh3 24. Rfc1 Bf5 25. N4c3 dxe5 26. fxe5 Bxe5 27. Qxe5
Qxe5 0-1

[Event "14.Zlata Praha-D"]
[Site "Praha"]
[Date "2018.07.07"]
[Round "9.5"]
[White "Pribyl, Josef"]
[Black "Pirvulescu, Adrian"]
[Result "1-0"]
[WhiteElo "2203"]
[BlackElo "1785"]
[PlyCount "37"]
[EventDate "2018.??.??"]

1. d4 Nf6 2. Nf3 e6 3. g3 g6 4. Bg2 Bg7 5. O-O O-O 6. c4 d5 7. Qb3 b6 8. Nc3
Bb7 9. Bf4 Nh5 10. Bg5 f6 11. Be3 dxc4 12. Qxc4 Bd5 13. Nxd5 exd5 14. Qb3 f5
15. Ne5 Nf6 16. Rac1 Ne4 17. f3 Nd6 18. Qxd5+ Kh8 19. Qxa8 1-0

[Event "14.Zlata Praha-D"]
[Site "Praha"]
[Date "2018.07.07"]
[Round "9.6"]
[White "Barotek, Martin"]
[Black "Plasek, Zdenek"]
[Result "0-1"]
[WhiteElo "1947"]
[BlackElo "1964"]
[PlyCount "70"]
[EventDate "2018.??.??"]

1. e4 c5 2. Nf3 Nc6 3. d4 cxd4 4. Nxd4 Qb6 5. Nb3 Nf6 6. Nc3 e6 7. Be3 Qc7 8.
g3 a6 9. Bg2 b6 10. O-O d6 11. Re1 Be7 12. h3 O-O 13. a4 Nd7 14. Rc1 Nc5 15. f4
Bd7 16. Qf3 Rab8 17. Qf2 Na5 18. Nd4 Nxa4 19. Nxa4 Bxa4 20. b3 Bd7 21. Ra1 Rfd8
22. Rec1 Rdc8 23. Bf1 b5 24. Bd2 Nc6 25. Rxa6 Nxd4 26. Qxd4 d5 27. Kh1 Bc5 28.
Qa1 dxe4 29. Bg2 Bc6 30. c3 Ra8 31. b4 Rxa6 32. Qxa6 Ra8 33. Qxa8+ Bxa8 34.
bxc5 Qxc5 35. Re1 f5 0-1